Entry Personal Name
Number of records used in: 1
001 - CONTROL NUMBER
003 - CONTROL NUMBER IDENTIFIER
005 - DATE AND TIME OF LATEST TRANSACTION
- control field:
20230328115216.0
008 - FIXED-LENGTH DATA ELEMENTS
- fixed length control field:
230328|| aca||aabn | a|a d
040 ## - CATALOGING SOURCE
- Original cataloging agency:
JRU
- Transcribing agency:
JRU
100 ## - HEADING--PERSONAL NAME
- Personal name:
PRABHAKARA ,GN
670 ## - SOURCE DATA FOUND
- Source citation:
Work cat.: (JRU)8237: PRABHAKARA ,GN , SHORT TEXTBOOK OF PREVENTIVE AND SOCIAL MEDICINE , 2010